Normal view
MARC view
Entry Personal Name
001 - CONTROL NUMBER
- control field: 21441
003 - CONTROL NUMBER IDENTIFIER
- control field: ARRUPE
005 - DATE AND TIME OF LATEST TRANSACTION
- control field: 20151228114013.0
008 - FIXED-LENGTH DATA ELEMENTS
- fixed length control field: 151228|| aca||aabn | a|a d
040 ## - CATALOGING SOURCE
- Original cataloging agency: ARRUPE
- Transcribing agency: ARRUPE
100 ## - HEADING--PERSONAL NAME
- Personal name: Arthur, James
670 ## - SOURCE DATA FOUND
- Source citation: Work cat.: (ARRUPE): Arthur, James, Social literacy, citizenship education and the national curriculum, 2000